|
|
|
|
| LEADER |
02782nam a2200529 i 4500 |
| 001 |
EBC4397362 |
| 003 |
MiAaPQ |
| 005 |
20200520144314.0 |
| 006 |
m o d | |
| 007 |
cr cnu|||||||| |
| 008 |
151229t20152015dcuab ob 001 0 eng|d |
| 020 |
|
|
|z 1464806543
|
| 020 |
|
|
|z 9781464806544
|
| 020 |
|
|
|a 9781464806568 (e-book)
|
| 035 |
|
|
|a (MiAaPQ)EBC4397362
|
| 035 |
|
|
|a (Au-PeEL)EBL4397362
|
| 035 |
|
|
|a (CaPaEBR)ebr11155691
|
| 035 |
|
|
|a (CaONFJC)MIL844647
|
| 035 |
|
|
|a (OCoLC)926101428
|
| 040 |
|
|
|a MiAaPQ
|b eng
|e rda
|e pn
|c MiAaPQ
|d MiAaPQ
|
| 043 |
|
|
|a f------
|
| 050 |
|
4 |
|a HE366.5
|b .A45 2015
|
| 082 |
0 |
|
|a 330.9
|2 23
|
| 100 |
1 |
|
|a Ali, Rubaba,
|e author.
|
| 245 |
1 |
0 |
|a HIghways to success or byways to waste :
|b estimating the economic benefits of roads in Africa /
|c Rubaba Ali [and five others].
|
| 246 |
3 |
0 |
|a Estimating the economic benefits of roads in Africa
|
| 264 |
|
1 |
|a Washington, DC :
|b International Bank for Reconstruction and Development/The World Bank,
|c [2015]
|
| 264 |
|
4 |
|c 2015
|
| 300 |
|
|
|a 1 online resource (217 pages) :
|b color illustrations, color maps.
|
| 336 |
|
|
|a text
|2 rdacontent
|
| 337 |
|
|
|a computer
|2 rdamedia
|
| 338 |
|
|
|a online resource
|2 rdacarrier
|
| 490 |
1 |
|
|a Africa development forum
|
| 500 |
|
|
|a "A copublication of Agence Francaise de Developpement and the World Bank."
|
| 504 |
|
|
|a Includes bibliographical references and index.
|
| 505 |
0 |
|
|a Road map to the report -- Welfare effects of road infrastructure -- Impact of transport cost on technology adoption -- Role of transport infrastructure in conflict-prone and fragile environments : evidence from the Democratic Republic of Congo -- Road improvements and deforestation in the Congo Basin countries -- Wrapping up : main messages, caveats, and the road forward -- Appendix A. Geospatial analysis.
|
| 588 |
|
|
|a Description based on print version record.
|
| 590 |
|
|
|a Electronic reproduction. Ann Arbor, MI : ProQuest, 2016. Available via World Wide Web. Access may be limited to ProQuest affiliated libraries.
|
| 650 |
|
0 |
|a Roads
|x Economic aspects
|z Africa.
|
| 650 |
|
0 |
|a Transportation, Automotive
|z Africa.
|
| 655 |
|
4 |
|a Electronic books.
|
| 710 |
2 |
|
|a World Bank,
|e issuing body.
|
| 710 |
2 |
|
|a Agence francaise de developpement,
|e issuing body.
|
| 776 |
0 |
8 |
|i Print version:
|a Ali, Rubaba.
|t HIghways to success or byways to waste : estimating the economic benefits of roads in Africa.
|d Washington, DC : International Bank for Reconstruction and Development/The World Bank, [2015]
|h xxiii, 189 pages ; 23 cm.
|k Africa development forum
|z 9781464806544
|w (OCoLC)ocn915488881
|
| 797 |
2 |
|
|a ProQuest (Firm)
|
| 830 |
|
0 |
|a Africa development forum.
|
| 856 |
4 |
0 |
|u https://ebookcentral.proquest.com/lib/matrademy/detail.action?docID=4397362
|z Click to View
|